Archaeology and archaeometry : from casual dating to a meaningful relationship? /

Most archaeology and anthropology departments are grouped as Humanities or as Social Sciences in university organizations. Where does that place the archaeometrists who approach the materials with the methods of physical and biological sciences? And where does it place the archaeologists themselves...

Descripción completa

Detalles Bibliográficos
Autor principal: Killick, David
Otros Autores: Young. Susane M. M. (coaut.)
Formato: Analitica de revista
Lenguaje:inglés
Materias:

MARC

LEADER 00000cab a2200000 a 4500
001 025425
003 UAHC_CL
005 20180803135825.0
008 050614b xx j 000 1 eng
952 |0 0  |1 0  |4 0  |6 ANTIQUITY_273_97_000000000000000  |7 0  |8 General  |9 51589  |a BC  |b BC  |c General  |d 2017-08-03  |l 0  |o ANTIQUITY-273/97  |p FICTICIO388  |r 2019-01-08 00:00:00  |t 1  |w 2017-08-03  |y REVA 
999 |c 25425  |d 25425 
040 |a UAHC_CL  |c UAHC_CL  |d UAHC_CL 
100 1 |a Killick, David 
245 1 0 |a Archaeology and archaeometry :  |b from casual dating to a meaningful relationship? /  |c David Killick and Suzanne M.M. Young. 
500 |a Antiquity 71 (1999): 518-524 
520 |a Most archaeology and anthropology departments are grouped as Humanities or as Social Sciences in university organizations. Where does that place the archaeometrists who approach the materials with the methods of physical and biological sciences? And where does it place the archaeologists themselves Ñ especially when archaeometric studies have a large place in contract archaeology? 
653 |a ANTROPOLOGIA 
700 1 |a Young. Susane M. M.  |e coaut. 
773 0 |t Anthropology Today.  |w 025359 
900 |a ANTIQUITY-273/97 
942 |c REVA  |2 ddc